| 000 | 00000nam##2200000za#4500 |
| 001 | 9.633687 |
| 003 | CaOODSP |
| 005 | 20210624215439 |
| 007 | cr ||||||||||| |
| 008 | 150407|2006||||xxc|||||o f|0| 0 fre|d |
| 040 | |aCaOODSP|bfre |
| 043 | |an-cn--- |
| 086 | 1 |aH128-1/06-432-1F-PDF |
| 110 | 1 |aCanada. |bSanté Canada.|bDirection générale de la santé environnementale et de la sécurité des consommateurs. |
| 245 | 10|aLignes directrices sur la qualité de l'air intérieur résidentiel - formaldéhyde |h[ressource électronique] |
| 260 | |aOttawa - Ontario : |bSanté Canada. |c2006. |
| 300 | |a3p.|btableaux |
| 500 | |aLe n° de catalogue (H128-1/06-432-1F) et l'ISBN (0-662-71180-7) pour l'édition imprimée ont été incorrectement copiés dans cette édition PDF. |
| 590 | |a07-05|b2007-02-02 |
| 691 | 07|aQualité de l'air|2gcpds |
| 691 | 07|aLogement|2gcpds |
| 775 | 08|tResidential indoor air quality guideline - formaldehyde |w(CaOODSP)9.689269 |
| 776 | 0#|tLignes directrices sur la qualité de l'air intérieur résidentiel - formaldéhyde |w(CaOODSP)9.683214 |
| 856 | 40|ahttp://publications.gc.ca|qPDF|s296 Ko|uhttps://publications.gc.ca/collections/Collection/H128-1-06-432-1F.pdf |